<?xml version="1.0" encoding="UTF-8"?>
<record
    xmlns:xsi="http://www.w3.org/2001/XMLSchema-instance"
    xsi:schemaLocation="http://www.loc.gov/MARC21/slim http://www.loc.gov/standards/marcxml/schema/MARC21slim.xsd"
    xmlns="http://www.loc.gov/MARC21/slim">

  <leader>00689nam a2200229   4500</leader>
  <controlfield tag="005">20180521170818.0</controlfield>
  <controlfield tag="008">180521b        xxu||||| |||| 00| 0 spa d</controlfield>
  <datafield tag="022" ind1=" " ind2=" ">
    <subfield code="a">22154515</subfield>
  </datafield>
  <datafield tag="082" ind1=" " ind2=" ">
    <subfield code="a">Cartago M&#xED;o, Vol. 3, N&#xFA;mero, 16, 2018</subfield>
  </datafield>
  <datafield tag="100" ind1=" " ind2=" ">
    <subfield code="a">Brenes Maykall, Alice</subfield>
    <subfield code="9">47058</subfield>
  </datafield>
  <datafield tag="245" ind1=" " ind2=" ">
    <subfield code="a">Sustancias peligrosas</subfield>
  </datafield>
  <datafield tag="260" ind1=" " ind2=" ">
    <subfield code="a">Costa Rica</subfield>
  </datafield>
  <datafield tag="260" ind1=" " ind2=" ">
    <subfield code="b">Fractal21</subfield>
  </datafield>
  <datafield tag="260" ind1=" " ind2=" ">
    <subfield code="c">2018</subfield>
  </datafield>
  <datafield tag="440" ind1=" " ind2=" ">
    <subfield code="a">Cartago M&#xED;o</subfield>
    <subfield code="n">16</subfield>
    <subfield code="v">3</subfield>
    <subfield code="9">47116</subfield>
  </datafield>
  <datafield tag="650" ind1=" " ind2=" ">
    <subfield code="a">CONTAMINACI&#xD3;N</subfield>
    <subfield code="9">47117</subfield>
  </datafield>
  <datafield tag="650" ind1=" " ind2=" ">
    <subfield code="a">RESIDUOS </subfield>
    <subfield code="9">755</subfield>
  </datafield>
  <datafield tag="650" ind1=" " ind2=" ">
    <subfield code="a">ACCIDENTES QU&#xCD;MICO-TECNOL&#xD3;GICOS</subfield>
    <subfield code="9">47118</subfield>
  </datafield>
  <datafield tag="650" ind1=" " ind2=" ">
    <subfield code="a">EMERGENCIA TECNOL&#xD3;GICA</subfield>
    <subfield code="9">47119</subfield>
  </datafield>
  <datafield tag="942" ind1=" " ind2=" ">
    <subfield code="c">REV</subfield>
  </datafield>
  <datafield tag="773" ind1="0" ind2=" ">
    <subfield code="0">8648</subfield>
    <subfield code="9">31376</subfield>
    <subfield code="a"></subfield>
    <subfield code="b"></subfield>
    <subfield code="d">Costa Rica 2016</subfield>
    <subfield code="o">CM18163</subfield>
    <subfield code="t">Cartago M&#xED;o</subfield>
    <subfield code="w"></subfield>
    <subfield code="x"></subfield>
    <subfield code="z"></subfield>
  </datafield>
  <datafield tag="999" ind1=" " ind2=" ">
    <subfield code="c">10655</subfield>
    <subfield code="d">10655</subfield>
  </datafield>
</record>
